000 00695cam a22002411a 4500
001 77289
003 BD-RjUL
005 20211209082944.0
008 200311s1948 enk 000 0 eng d
035 _a(BD-RjUL)77514
035 _a369400
040 _aANL
_beng
_cANL
041 _aeng
082 _219
_a821.092
_bGRE 1948
100 1 _aSitwell, Osbert,
_d1892-1969.
_9240711
245 1 0 _aGreat morning :
_bbeing the third volume of left hand, right hand : an autobiography.
260 _aLondon :
_bMacmillan,
_c1948.
300 _aviii, 323 p. :
_bports. ;
_c23 cm.
600 1 0 _aSitwell, Osbert,
_d1892-1969.
_9240712
942 _2ddc
_cBK
999 _c77289
_d77289